Elements of power system analysis (Record no. 3209)

000 -LEADER
fixed length control field 00596nam a2200217 a 4500
001 - CONTROL NUMBER
control field 3209
003 - CONTROL NUMBER IDENTIFIER
control field BD-DhUET
008 - FIXED-LENGTH DATA ELEMENTS--GENERAL INFORMATION
fixed length control field 810331s1982 nyua 001 0 eng
020 ## - INTERNATIONAL STANDARD BOOK NUMBER
International Standard Book Number 0070612781
020 ## - INTERNATIONAL STANDARD BOOK NUMBER
International Standard Book Number 007061279X
040 ## - CATALOGING SOURCE
Original cataloging agency DLC
Transcribing agency DLC
Modifying agency BD-DhUET
082 00 - DEWEY DECIMAL CLASSIFICATION NUMBER
Classification number 623.12
Item number STE/1982
100 1# - MAIN ENTRY--PERSONAL NAME
Personal name Stevenson, William D.
245 10 - TITLE STATEMENT
Title Elements of power system analysis
250 ## - EDITION STATEMENT
Edition statement 4th ed.
260 ## - PUBLICATION, DISTRIBUTION, ETC. (IMPRINT)
Place of publication, distribution, etc. New York
Name of publisher, distributor, etc. McGraw-Hill
Date of publication, distribution, etc. 1982
300 ## - PHYSICAL DESCRIPTION
Extent xii, 436 p.
Other physical details ill.
Dimensions 25 cm.
490 ## - SERIES STATEMENT
Series statement McGRAW-HILL series in electrical engineering
650 #0 - SUBJECT ADDED ENTRY--TOPICAL TERM
Topical term or geographic name as entry element Electric power system stability
942 ## - ADDED ENTRY ELEMENTS (KOHA)
Koha item type General Book
Holdings
Koha issues (times borrowed) Source of classification or shelving scheme Lost status Withdrawn status Price effective from Piece designation (barcode) Koha renewals Koha full call number Date acquired Koha item type Not for loan Damaged status Sublocation or collection (holding branch) Shelving location Location (home branch) Koha date last borrowed Koha normalized classification for sorting Copy number Koha date last seen
52   2014-10-22110313 623.12/STE/19822014-10-22General Book  Central Library, BUETCirculation sectionCentral Library, BUET2021-09-27623_120000000000000_STE_198212021-09-27
    2015-02-1069178 623.12/STE/19822015-02-10General Book  Central Library, BUETCirculation sectionCentral Library, BUET 623_120000000000000_STE_198222015-02-10
22   2015-02-1178208 2623.12/STE/19822015-02-11General Book  Central Library, BUETCirculation sectionCentral Library, BUET2021-08-31623_120000000000000_STE_198232021-08-31
    2015-06-2467386 623.12/STE/19822015-06-24Reading Item  Central Library, BUETReading sectionCentral Library, BUET 623_120000000000000_STE_198242015-06-24
    2015-06-2467384 623.12/STE/19822015-06-24Reading Item  Central Library, BUETReading sectionCentral Library, BUET 623_120000000000000_STE_198252015-06-24
    2015-06-2467385 623.12/STE/19822015-06-24Reading Item  Central Library, BUETReading sectionCentral Library, BUET 623_120000000000000_STE_198262015-06-24
    2015-06-2463905 623.12/STE/19822015-06-24Reading Item  Central Library, BUETReading sectionCentral Library, BUET 623_120000000000000_STE_198272015-06-24
    2015-06-2563906 623.12/STE/19822015-06-25Reading Item  Central Library, BUETReading sectionCentral Library, BUET 623_120000000000000_STE_198282015-06-25
    2015-06-2563907 623.12/STE/19822015-06-25Reading Item  Central Library, BUETReading sectionCentral Library, BUET 623_120000000000000_STE_198292015-06-25
    2015-06-2863908 623.12/STE/19822015-06-28Reading Item  Central Library, BUETReading sectionCentral Library, BUET 623_120000000000000_STE_1982102015-06-28